| 000 | 01571cam a2200361 a 4500 | ||
|---|---|---|---|
| 001 | 11979738 | ||
| 003 | OSt | ||
| 005 | 20160809144618.0 | ||
| 008 | 000419s2000 cau b 001 0 eng | ||
| 010 | _a 00009207 | ||
| 020 | _a0761976817 (hbk. : alk. paper) | ||
| 020 | _a0761976825 (pbk. : alk. paper) | ||
| 040 |
_aDLC _cDLC _dDLC |
||
| 043 | _an-us--- | ||
| 050 | 0 | 0 |
_aLB1775.2 _b.R67 2000 |
| 082 | 0 | 0 |
_a371.102 _221 |
| 100 | 1 | _aRosenblum-Lowden, Renee. | |
| 245 | 1 | 0 |
_aYou have to go to school-- you're the teacher! : _b250 classroom management strategies to make your job easier and more fun / _cby Renee Rosenblum-Lowden. |
| 250 | _a2nd ed. | ||
| 260 |
_aThousand Oaks, Calif. : _bCorwin Press, _cc2000. |
||
| 300 |
_axxii, 158 p. ; _c24 cm. |
||
| 504 | _aIncludes bibliographical references (p. 151) and index. | ||
| 650 | 0 |
_aTeachers _zUnited States. |
|
| 650 | 0 |
_aTeaching _zUnited States. |
|
| 650 | 0 |
_aFirst-year teachers _zUnited States. |
|
| 650 | 0 |
_aClassroom management _zUnited States. |
|
| 856 | 4 | 2 |
_3Publisher description _uhttp://www.loc.gov/catdir/enhancements/fy0658/00009207-d.html |
| 856 | 4 | 1 |
_3Table of contents only _uhttp://www.loc.gov/catdir/enhancements/fy0658/00009207-t.html |
| 856 | 4 | 2 |
_3Contributor biographical information _uhttp://www.loc.gov/catdir/enhancements/fy0734/00009207-b.html |
| 906 |
_a7 _bcbc _corignew _d1 _eecip _f20 _gy-gencatlg |
||
| 942 |
_2lcc _cBOOKS |
||
| 999 |
_c13034 _d13034 |
||